000 00587nam a22002177a 4500
003 UA-OsUOA
001 45587
007 ta
008 20070427b un ||||| |||| 00| 0 ukr d
100 _aПетренко П.
090 _a330(477)
_bП-11
942 _cSA
040 _aUA-OsUOA
_bukr
_cUA-OsUOA
_dUA-OsUOA
245 _a"Чорні дірки" у державних фінансах
300 _aС.12-18
955 _a0
041 _aukr
080 _a330(477)
773 0 _w45586
_tПерсонал
_dК.
_d2007
_g3
650 7 _a330 Економіка взагалі
_2UDC
999 _c331683
_d331683